[Event "Solingen Karneval op"]
[Site "Solingen"]
[Date "2010.02.12"]
[Round "1"]
[White "Schmid, Andreas"]
[Black "Ortleb, Thomas"]
[Result "0-1"]
[WhiteElo "1978"]
[BlackElo "1896"]
[PlyCount "62"]
[EventDate "2010.02.12"]
[EventType "swiss"]
[EventRounds "5"]
[EventCountry "GER"]
[SourceTitle "CBM 134 Extra"]
[Source "ChessBase"]
[SourceDate "2010.03.03"]
[SourceVersion "1"]
[SourceVersionDate "2010.03.03"]
[SourceQuality "1"]

1. e4 c6 2. d4 d5 3. Nc3 dxe4 4. Nxe4 Bf5 5. Ng3 Bg6 6. Nf3 Nd7 7. h4 h6 8. h5 Bh7 9. Bd3 Bxd3 10. Qxd3 e6 11. 0-0 Qc7 12. c4 0-0-0 13. Qe2 Ngf6 14. Bd2 Bd6 15. Nh2 Rhg8 16. c5 Bf4 17. Bxf4 Qxf4 18. Rfd1 g6 19. Qf3 Qg5 20. Qa3 gxh5 21. Nf3 Qg4 22. Qxa7 h4 23. Qa8+ Kc7 24. Qa5+ Kb8 25. Ne5 Nxe5 26. dxe5 Rxd1+ 27. Rxd1 Qxd1+ 28. Nf1 h3 29. g3 Qf3 30. Ne3 Ng4 31. Qd2 h2+ 0-1

[Event "Duesseldorf Nord Cup 9th GrF"]
[Site "Duesseldorf"]
[Date "2009.08.15"]
[Round "2.2"]
[White "Ortleb, Thomas"]
[Black "Spickermann, Sven"]
[Result "1/2-1/2"]
[WhiteElo "1815"]
[BlackElo "1808"]
[PlyCount "102"]
[EventDate "2009.08.14"]
[EventType "tourn"]
[EventRounds "5"]
[EventCountry "GER"]
[SourceTitle "EXT 2017"]
[Source "ChessBase"]
[SourceDate "2016.10.25"]
[SourceVersion "1"]
[SourceVersionDate "2016.10.25"]
[SourceQuality "1"]

1. c4 c5 2. Nc3 e6 3. Nf3 d5 4. cxd5 exd5 5. d4 Be6 6. Bf4 Qb6 7. Na4 Qd8 8. dxc5 Bxc5 9. Rc1 Bb4+ 10. Nc3 Nf6 11. a3 Bxc3+ 12. Rxc3 0-0 13. e3 Nc6 14. Bd3 Qb6 15. 0-0 Bg4 16. Rb3 Bxf3 17. gxf3 Qc5 18. Rxb7 Nh5 19. Rb5 Qe7 20. Bg3 Nxg3 21. hxg3 Qf6 22. Kg2 g6 23. Qc2 Rfc8 24. Rc5 Ne7 25. b4 Qb6 26. Rc1 Kg7 27. Qc3+ f6 28. g4 Kf7 29. Qd4 Rxc5 30. Qxc5 Qe6 31. e4 Rc8 32. exd5 Qe5 33. Qxc8 Nxc8 34. Rxc8 Ke7 35. Be4 f5 36. gxf5 gxf5 37. Bc2 Qb2 38. Bxf5 Qxa3 39. Bxh7 Qxb4 40. Rc7+ Kd6 41. Rxa7 Qd4 42. Ra6+ Kxd5 43. Be4+ Ke5 44. Kg3 Qb4 45. Rg6 Qd2 46. Rg4 Qh6 47. Bg6 Qh1 48. f4+ Kf6 49. Rg5 Qg1+ 50. Kf3 Qd1+ 51. Kg2 Qd2 1/2-1/2